United Dominions Trust Ltd v Shellpoint Trustees Ltd (Record no. 44735)
[ view plain ]
| 000 -LEADER | |
|---|---|
| fixed length control field | 01438cab a2200253 4500 |
| 001 - CONTROL NUMBER | |
| control field | ABS49358 |
| 008 - FIXED-LENGTH DATA ELEMENTS--GENERAL INFORMATION | |
| fixed length control field | 090401t1993 xxu||||| |||| 00| 0 eng d |
| 035 ## - SYSTEM CONTROL NUMBER | |
| System control number | (Sirsi) u71002 |
| 041 ## - LANGUAGE CODE | |
| Language code of text/sound track or separate title | eng |
| 245 ## - TITLE STATEMENT | |
| Title | United Dominions Trust Ltd v Shellpoint Trustees Ltd |
| 260 ## - PUBLICATION, DISTRIBUTION, ETC. | |
| Date of publication, distribution, etc. | 1993 |
| 350 ## - PRICE (NR) (BK AM CF MU VM SE) [OBSOLETE] | |
| Price | 0 |
| 490 ## - SERIES STATEMENT | |
| Series statement | Estates Gazette |
| Volume/sequential designation | 1993 35 EG 121-124(4) |
| 520 ## - SUMMARY, ETC. | |
| Summary, etc. | CA 19 March 1993. Appeal against a decision allowing U`s claim for relief from forfeiture in relation to a flat. S acquired the interest of the flat from Newcom Ltd in May 1988. U acted as morgagee to Mr Karimi-Nick who acquired the lease in July 1987. In 1988 an order for repossession over K`s failure to pay service charges to N. U was unaware of the order until December 1990 and commenced proceedings in February 1991 for relief from forfeiture. CA held that by its interest as mortgagee of the lease, U was an `underlessee` of the flat and was for the purposes of County Court Act 1984 s138, a `lessee` within the meaning of ss (2) (5) and (7). Having failed to apply for relief within the time limit was barred under s138(7) from obtaining relief. |
| 650 ## - SUBJECT ADDED ENTRY--TOPICAL TERM | |
| Topical term or geographic name entry element | ADMINISTRATION OF JUSTICE ACT 1985 |
| 650 ## - SUBJECT ADDED ENTRY--TOPICAL TERM | |
| Topical term or geographic name entry element | COUNTY COURT ACT 1984 S138 |
| 650 ## - SUBJECT ADDED ENTRY--TOPICAL TERM | |
| Topical term or geographic name entry element | FORFEITURE |
| 650 ## - SUBJECT ADDED ENTRY--TOPICAL TERM | |
| Topical term or geographic name entry element | LEASES |
| 650 ## - SUBJECT ADDED ENTRY--TOPICAL TERM | |
| Topical term or geographic name entry element | RELIEF FROM FORFEITURE |
| 650 ## - SUBJECT ADDED ENTRY--TOPICAL TERM | |
| Topical term or geographic name entry element | RENT ARREARS |
| 690 ## - LOCAL SUBJECT ADDED ENTRY--TOPICAL TERM (OCLC, RLIN) | |
| Topical term or geographic name as entry element | LANDLORD AND TENANT-CASE LAW-RESIDENTIAL TENANCIES |
| 942 ## - ADDED ENTRY ELEMENTS (KOHA) | |
| Suppress in OPAC | 0 |
| 948 ## - LOCAL PROCESSING INFORMATION (OCLC); SERIES PART DESIGNATOR (RLIN) | |
| c (OCLC) | 04/03/1997 |
| Withdrawn status | Lost status | Source of classification or shelving scheme | Damaged status | Not for loan | Home library | Current library | Shelving location | Date acquired | Total Checkouts | Full call number | Barcode | Date last seen | Copy number | Price effective from | Koha item type |
|---|---|---|---|---|---|---|---|---|---|---|---|---|---|---|---|
| Dewey Decimal Classification | London | London | Journal article | 14/09/1999 | ABS49358 | 71002-1001 | 06/08/2019 | 1 | 06/08/2019 | Law report |